000 00486nam a2200169Ia 4500
008 210716s2014 xx 000 0 und d
020 _a9789382993209
041 _aeng
082 _a332.46 MOHD
100 _aMohanty, Deepak.
245 _aMonetary policy sovereign debt and financial stability: the new trilemma.
_bNew trilemma.
250 _a1
260 _aNew Delhi
_bFoundation Press
_c2014
300 _axiv,370
650 _aGeneral Management
700 _aMohanty, Deepak.
999 _c209156
_d209156